[Event "FRA-chTW Top 12 2019"]
[Site "Vandoeuvre"]
[Date "2019.05.02"]
[Round "1.5"]
[White "Collas, Silvia"]
[Black "Savina, Anastasia"]
[Result "1/2-1/2"]
[WhiteElo "2279"]
[BlackElo "2353"]
[Annotator "NA"]
[PlyCount "82"]
[EventDate "2019.05.02"]
[EventType "team-tourn"]
[EventCountry "FRA"]
[SourceTitle "playchess.com"]
[Source "ChessBase"]
[SourceQuality "1"]
[TimeControl "40/5400+30:1800+30"]

1. d4 {[%emt 0:00:00]} Nf6 {[%emt 0:00:00]} 2. Nf3 {[%emt 0:00:25]} g6 {[%emt 0:01:24]} 3. Nc3 {[%emt 0:00:26]} d5 {[%emt 0:01:56]} 4. Bf4 {[%emt 0:00:10]} c6 {[%emt 0:09:24]} 5. e3 {[%emt 0:00:39]} Bg7 {[%emt 0:01:43]} 6. Be2 {[%emt 0:01:24]} Nbd7 {[%emt 0:03:33]} 7. Ne5 {[%emt 0:04:00]} O-O {[%emt 0:14:25]} 8. h4 {[%emt 0:01:32]} Nxe5 {[%emt 0:11:28]} 9. Bxe5 {[%emt 0:00:36]} b5 {[%emt 0:02:19]} 10. h5 {[%emt 0:03:44]} Qa5 {[%emt 0:08:18]} 11. hxg6 {[%emt 0:05:01]} fxg6 {[%emt 0:05:06]} 12. Bf3 {[%emt 0:02:18]} Bf5 {[%emt 0:06:46]} 13. Kf1 {[%emt 0:03:40]} b4 {[%emt 0:10:13]} 14. Ne2 {[%emt 0:01:30]} Qa6 {[%emt 0:01:06]} 15. Kg1 {[%emt 0:05:51]} g5 {[%emt 0:02:44]} 16. Ng3 {[%emt 0:02:31]} Bg6 {[%emt 0:04:15]} 17. b3 {[%emt 0:03:48]} Rad8 {[%emt 0:04:28]} 18. a3 {[%emt 0:04:02]} bxa3 {[%emt 0:02:19]} 19. Qc1 {[%emt 0:00:37]} a2 {[%emt 0:01:07]} 20. Qb2 {[%emt 0:01:32]} g4 {[%emt 0:01:58]} 21. Rxa2 {[%emt 0:07:54]} Qc8 {[%emt 0:01:55]} 22. Be2 {[%emt 0:04:33]} Ne4 {[%emt 0:01:17]} 23. Nxe4 {[%emt 0:06:18]} Bxe5 {[%emt 0:00:28]} 24. dxe5 {[%emt 0:06:51]} dxe4 {[%emt 0:01:04]} 25. Qc3 {[%emt 0:06:19]} Qf5 {[%emt 0:00:40]} 26. Qe1 {[%emt 0:00:05]} Rd7 {[%emt 0:02:31]} 27. e6 {[%emt 0:02:21]} Rd2 {[%emt 0:00:30]} 28. Rh4 {[%emt 0:01:04]} h5 {[%emt 0:00:20]} 29. Bxg4 {[%emt 0:02:33]} Qxf2+ {[%emt 0:00:38]} 30. Qxf2 {[%emt 0:00:04]} Rfxf2 {[%emt 0:00:16]} 31. Bh3 {[%emt 0:00:05]} Rxc2 {[%emt 0:00:45]} 32. Rxa7 {[%emt 0:00:10]} Bf5 {[%emt 0:00:27]} 33. Rxh5 {[%emt 0:06:36]} Bxh3 {[%emt 0:00:02]} 34. Rg5+ {[%emt 0:00:06]} Kh7 {[%emt 0:00:58]} 35. gxh3 {[%emt 0:00:41]} Rfe2 {[%emt 0:00:28]} 36. Rxe7+ {[%emt 0:04:45]} Kh6 {[%emt 0:00:10]} 37. Rf5 {[%emt 0:00:21]} Rg2+ {[%emt 0:00:46]} 38. Kf1 {[%emt 0:01:15]} Rh2 {[%emt 0:00:30]} 39. Kg1 {[%emt 0:00:47]} Rhg2+ {[%emt 0:00:31]} 40. Kf1 {[%emt 0:00:52]} Rh2 {[%emt 0:00:08]} 41. Kg1 {[%emt 0:30:36]} Rhg2+ {[%emt 0:30:11]} 1/2-1/2

[Event "FRA-chTW Top 12 2019"]
[Site "Vandoeuvre"]
[Date "2019.05.02"]
[Round "1.6"]
[White "Thomas, Anysia"]
[Black "Belluire, Beatrice"]
[Result "1-0"]
[WhiteElo "2178"]
[BlackElo "1913"]
[Annotator "NA"]
[PlyCount "89"]
[EventDate "2019.05.02"]
[EventType "team-tourn"]
[EventCountry "FRA"]
[SourceTitle "playchess.com"]
[Source "ChessBase"]
[SourceQuality "1"]
[TimeControl "40/5400+30:1800+30"]

1. d4 {[%emt 0:00:00]} Nf6 {[%emt 0:00:00]} 2. c4 {[%emt 0:00:00]} c5 {[%emt 0:00:00]} 3. d5 {[%emt 0:00:00]} b5 {[%emt 0:00:00]} 4. cxb5 {[%emt 0:00:00]} a6 {[%emt 0:00:00]} 5. bxa6 {[%emt 0:00:00]} g6 {[%emt 0:00:00]} 6. Nc3 {[%emt 0:00:07]} Bg7 {[%emt 0:00:00]} 7. e4 {[%emt 0:00:19]} O-O {[%emt 0:00:00]} 8. e5 {[%emt 0:02:05]} Ne8 {[%emt 0:00:00]} 9. h4 {[%emt 0:00:07]} Bxe5 {[%emt 0:08:20]} 10. Bh6 {[%emt 0:01:36]} Bg7 {[%emt 0:01:27]} 11. Qd2 {[%emt 0:05:57]} Bxa6 {[%emt 0:02:43]} 12. h5 {[%emt 0:07:38]} Qb6 {[%emt 0:18:51]} 13. hxg6 {[%emt 0:13:30]} Qxg6 {[%emt 0:00:24]} 14. Nf3 {[%emt 0:08:49]} Bxf1 {[%emt 0:01:34]} 15. Kxf1 {[%emt 0:00:23]} Ra6 {[%emt 0:04:35]} 16. Bxg7 {[%emt 0:08:34]} Qxg7 {[%emt 0:00:15]} 17. Rh3 {[%emt 0:04:10]} f5 {[%emt 0:10:49]} 18. Qf4 {[%emt 0:07:40]} Nf6 {[%emt 0:06:56]} 19. Nh4 {[%emt 0:22:56]} Nh5 {[%emt 0:05:46]} 20. Qf3 {[%emt 0:02:48]} Qg5 {[%emt 0:00:45]} 21. Re1 {[%emt 0:02:29]} Rb6 {[%emt 0:07:42]} 22. Qe3 {[%emt 0:06:57]} f4 {[%emt 0:21:41]} 23. Qd2 {[%emt 0:02:23]} Qg4 {[%emt 0:01:55]} 24. Qe2 {[%emt 0:02:25]} f3 {[%emt 0:01:16]} 25. Nxf3 {[%emt 0:01:01]} Rg6 {[%emt 0:00:11]} 26. Rh2 {[%emt 0:00:31]} Nf4 {[%emt 0:04:49]} 27. Qxe7 {[%emt 0:00:20]} Rg7 {[%emt 0:00:41]} 28. Qh4 {[%emt 0:00:30]} Qxh4 {[%emt 0:00:53]} 29. Nxh4 {[%emt 0:00:24]} Nd3 {[%emt 0:00:01]} 30. Re2 {[%emt 0:00:17]} Nf4 {[%emt 0:02:17]} 31. Re3 {[%emt 0:00:22]} Rg5 {[%emt 0:00:15]} 32. Nf3 {[%emt 0:00:42]} Rgf5 {[%emt 0:00:22]} 33. g3 {[%emt 0:00:48]} Nxd5 {[%emt 0:00:21]} 34. Nxd5 {[%emt 0:00:05]} Rxd5 {[%emt 0:00:37]} 35. Ke2 {[%emt 0:00:31]} Nc6 {[%emt 0:00:12]} 36. Rh4 {[%emt 0:00:42]} Rdf5 {[%emt 0:00:33]} 37. Rg4+ {[%emt 0:00:43]} Kh8 {[%emt 0:00:39]} 38. a3 {[%emt 0:00:32]} d5 {[%emt 0:00:36]} 39. Rf4 {[%emt 0:00:29]} Rxf4 {[%emt 0:00:26]} 40. gxf4 {[%emt 0:00:04]} Rxf4 {[%emt 0:00:28]} 41. Re8+ {[%emt 0:30:25]} Kg7 {[%emt 0:30:01]} 42. Rc8 {[%emt 0:00:21]} Rf6 {[%emt 0:00:27]} 43. Rc7+ {[%emt 0:00:13]} Kg6 {[%emt 0:00:46]} 44. Rxc6 {[%emt 0:00:08]} Rxc6 {[%emt 0:00:25]} 45. Ne5+ {[%emt 0:00:03]} 1-0

[Event "FRA-chTW Top 12 2019"]
[Site "Vandoeuvre"]
[Date "2019.05.02"]
[Round "1.6"]
[White "Bismuth, Lea"]
[Black "Cornette, Deimante"]
[Result "0-1"]
[WhiteElo "1956"]
[BlackElo "2433"]
[Annotator "NA"]
[PlyCount "76"]
[EventDate "2019.05.02"]
[EventType "team-tourn"]
[EventCountry "FRA"]
[SourceTitle "playchess.com"]
[Source "ChessBase"]
[SourceQuality "1"]
[TimeControl "40/5400+30:1800+30"]

1. d4 {[%emt 0:00:00]} Nf6 {[%emt 0:00:00]} 2. Bf4 {[%emt 0:00:00]} d5 {[%emt 0:02:34]} 3. Nc3 {[%emt 0:01:31]} c5 {[%emt 0:02:57]} 4. e3 {[%emt 0:00:09]} cxd4 {[%emt 0:00:24]} 5. exd4 {[%emt 0:00:13]} a6 {[%emt 0:00:07]} 6. Nf3 {[%emt 0:01:12]} Nc6 {[%emt 0:00:28]} 7. Ne5 {[%emt 0:01:25]} Bf5 {[%emt 0:07:52]} 8. g4 {[%emt 0:10:35]} Nxe5 {[%emt 0:08:10]} 9. dxe5 {[%emt 0:15:58]} Bxg4 {[%emt 0:10:27]} 10. f3 {[%emt 0:07:40]} Nh5 {[%emt 0:00:16]} 11. Be3 {[%emt 0:00:48]} Be6 {[%emt 0:02:00]} 12. f4 {[%emt 0:01:45]} d4 {[%emt 0:04:23]} 13. Qxh5 {[%emt 0:28:31]} dxc3 {[%emt 0:15:52]} 14. b3 {[%emt 0:13:08]} Bd5 {[%emt 0:03:25]} 15. Rg1 {[%emt 0:00:21]} g6 {[%emt 0:00:43]} 16. Qh3 {[%emt 0:03:16]} Qc8 {[%emt 0:03:45]} 17. Qg3 {[%emt 0:00:57]} e6 {[%emt 0:02:06]} 18. Bd3 {[%emt 0:05:53]} Ba3 {[%emt 0:04:59]} 19. Rd1 {[%emt 0:00:29]} Qc6 {[%emt 0:01:10]} 20. Kf2 {[%emt 0:02:51]} O-O-O {[%emt 0:02:09]} 21. Rge1 {[%emt 0:02:40]} Kb8 {[%emt 0:02:13]} 22. Bf1 {[%emt 0:00:44]} Be4 {[%emt 0:06:27]} 23. Qg5 {[%emt 0:00:34]} Rde8 {[%emt 0:00:35]} 24. Bd3 {[%emt 0:00:29]} Bd5 {[%emt 0:00:40]} 25. Qg3 {[%emt 0:00:34]} h5 {[%emt 0:00:51]} 26. h4 {[%emt 0:00:18]} Be7 {[%emt 0:00:19]} 27. a4 {[%emt 0:00:45]} Rc8 {[%emt 0:01:29]} 28. Kg1 {[%emt 0:00:31]} Rhd8 {[%emt 0:00:42]} 29. Kh2 {[%emt 0:00:09]} Bf3 {[%emt 0:01:39]} 30. Ra1 {[%emt 0:00:44]} Rxd3 {[%emt 0:03:11]} 31. cxd3 {[%emt 0:00:03]} Bd5 {[%emt 0:00:17]} 32. Qf2 {[%emt 0:01:15]} Bxb3 {[%emt 0:02:08]} 33. Reb1 {[%emt 0:00:17]} Qd5 {[%emt 0:02:48]} 34. a5 {[%emt 0:00:42]} c2 {[%emt 0:00:42]} 35. Rb2 {[%emt 0:00:26]} Qxd3 {[%emt 0:00:54]} 36. Qe1 {[%emt 0:00:25]} Rc3 {[%emt 0:00:37]} 37. Bf2 {[%emt 0:00:28]} Qh3+ {[%emt 0:00:37]} 38. Kg1 {[%emt 0:00:01]} Bd5 {[%emt 0:00:17]} 0-1

[Event "FRA-chTW Top 12 2019"]
[Site "Vandoeuvre"]
[Date "2019.05.02"]
[Round "1.7"]
[White "Leconte, Maria"]
[Black "Aggoune, Liza"]
[Result "1-0"]
[WhiteElo "2246"]
[BlackElo "1769"]
[Annotator "NA"]
[PlyCount "57"]
[EventDate "2019.05.02"]
[EventType "team-tourn"]
[EventCountry "FRA"]
[SourceTitle "playchess.com"]
[Source "ChessBase"]
[SourceQuality "1"]
[TimeControl "40/5400+30:1800+30"]

1. e4 {[%emt 0:00:00]} c5 {[%emt 0:00:00]} 2. c3 {[%emt 0:00:00]} e6 {[%emt 0:01:03]} 3. d4 {[%emt 0:00:09]} d5 {[%emt 0:00:43]} 4. e5 {[%emt 0:01:48]} Nc6 {[%emt 0:01:53]} 5. Nf3 {[%emt 0:01:52]} Bd7 {[%emt 0:02:42]} 6. Be2 {[%emt 0:01:21]} cxd4 {[%emt 0:05:45]} 7. cxd4 {[%emt 0:00:09]} Qb6 {[%emt 0:03:08]} 8. O-O {[%emt 0:04:44]} Nge7 {[%emt 0:06:22]} 9. Nc3 {[%emt 0:12:43]} Nf5 {[%emt 0:06:25]} 10. Na4 {[%emt 0:01:56]} Qc7 {[%emt 0:02:18]} 11. g4 {[%emt 0:06:33]} Nfe7 {[%emt 0:06:24]} 12. Be3 {[%emt 0:06:05]} Ng6 {[%emt 0:04:39]} 13. Rc1 {[%emt 0:04:46]} Be7 {[%emt 0:04:23]} 14. Nc5 {[%emt 0:00:21]} O-O {[%emt 0:20:24]} 15. b4 {[%emt 0:02:14]} Bxc5 {[%emt 0:07:24]} 16. Rxc5 {[%emt 0:01:23]} a6 {[%emt 0:03:07]} 17. h4 {[%emt 0:02:59]} Qb6 {[%emt 0:05:27]} 18. h5 {[%emt 0:01:04]} Nge7 {[%emt 0:00:22]} 19. a3 {[%emt 0:00:26]} f6 {[%emt 0:01:06]} 20. Bd3 {[%emt 0:07:21]} Be8 {[%emt 0:04:46]} 21. exf6 {[%emt 0:04:37]} Rxf6 {[%emt 0:02:30]} 22. Bb1 {[%emt 0:08:48]} h6 {[%emt 0:05:53]} 23. Ne5 {[%emt 0:01:20]} Qd8 {[%emt 0:01:09]} 24. Qd3 {[%emt 0:01:37]} Kf8 {[%emt 0:02:43]} 25. Rcc1 {[%emt 0:08:28]} Qd6 {[%emt 0:00:28]} 26. f4 {[%emt 0:00:31]} g6 {[%emt 0:01:02]} 27. Bf2 {[%emt 0:05:59]} Rxf4 {[%emt 0:00:44]} 28. Bg3 {[%emt 0:00:20]} Nxe5 {[%emt 0:00:27]} 29. Rxf4+ {[%emt 0:00:46]} 1-0

[Event "FRA-chTW Top 12 2019"]
[Site "Vandoeuvre"]
[Date "2019.05.02"]
[Round "1.7"]
[White "Nicolas, Gabrielle"]
[Black "Steil-Antoni, Fiona"]
[Result "0-1"]
[WhiteElo "1733"]
[BlackElo "2156"]
[Annotator "NA"]
[PlyCount "48"]
[EventDate "2019.05.02"]
[EventType "team-tourn"]
[EventCountry "FRA"]
[SourceTitle "playchess.com"]
[Source "ChessBase"]
[SourceQuality "1"]
[TimeControl "40/5400+30:1800+30"]

1. d4 {[%emt 0:00:00]} d6 {[%emt 0:00:00]} 2. Nf3 {[%emt 0:00:10]} Bg4 {[%emt 0:00:00]} 3. e3 {[%emt 0:01:44]} Nd7 {[%emt 0:00:16]} 4. c4 {[%emt 0:01:42]} e5 {[%emt 0:00:24]} 5. Nc3 {[%emt 0:02:43]} Ngf6 {[%emt 0:01:14]} 6. Be2 {[%emt 0:01:39]} Be7 {[%emt 0:00:00]} 7. O-O {[%emt 0:04:34]} O-O {[%emt 0:01:45]} 8. b4 {[%emt 0:06:14]} c6 {[%emt 0:01:17]} 9. Qb3 {[%emt 0:08:43]} e4 {[%emt 0:03:08]} 10. Nd2 {[%emt 0:03:01]} Bxe2 {[%emt 0:00:35]} 11. Nxe2 {[%emt 0:00:16]} d5 {[%emt 0:00:37]} 12. f3 {[%emt 0:11:18]} exf3 {[%emt 0:02:34]} 13. Nxf3 {[%emt 0:01:27]} dxc4 {[%emt 0:01:46]} 14. Qxc4 {[%emt 0:02:16]} Nb6 {[%emt 0:00:53]} 15. Qb3 {[%emt 0:03:50]} Nbd5 {[%emt 0:00:42]} 16. a3 {[%emt 0:02:40]} Bd6 {[%emt 0:00:50]} 17. Bd2 {[%emt 0:07:17]} Qe7 {[%emt 0:02:41]} 18. Rae1 {[%emt 0:09:00]} h6 {[%emt 0:05:23]} 19. Nc3 {[%emt 0:04:21]} Nxc3 {[%emt 0:01:10]} 20. Bxc3 {[%emt 0:02:19]} Rae8 {[%emt 0:01:49]} 21. Bb2 {[%emt 0:04:53]} Qe4 {[%emt 0:02:01]} 22. h3 {[%emt 0:04:59]} Qg6 {[%emt 0:04:30]} 23. Qd1 {[%emt 0:06:43]} Re6 {[%emt 0:04:57]} 24. Ne5 {[%emt 0:04:22]} Bxe5 {[%emt 0:06:35]} 0-1

[Event "FRA-chTW Top 12 2019"]
[Site "Vandoeuvre"]
[Date "2019.05.02"]
[Round "1.9"]
[White "Shvayger, Yuliya"]
[Black "Guichard, Pauline"]
[Result "0-1"]
[WhiteElo "2373"]
[BlackElo "2430"]
[Annotator "TA"]
[PlyCount "84"]
[EventDate "2019.05.02"]
[EventType "team-tourn"]
[EventCountry "FRA"]
[SourceTitle "playchess.com"]
[Source "ChessBase"]
[SourceQuality "1"]

{[%evp 10,84,9,2,12,22,22,22,18,20,27,25,21,22,39,17,31,42,45,37,78,67,75,75,50,48,56,33,43,41,42,50,33,28,35,46,52,52,61,61,74,54,52,61,63,69,61,62,64,60,55,0,21,0,0,-1,0,-26,-11,-20,-8,-13,-14,-80,-52,-60,0,-38,-53,-176,0,-8,-14,-29,-34,-354,-346]} 1. e4 e5 2. Nf3 Nc6 3. Bb5 Nf6 4. d3 Bc5 5. O-O d6 6. Nc3 Bd7 {C48: Four Knights: 4 Bb5, replies other than 4...Bb4} 7. Na4 {Threatening Bxc6.} Bb6 8. Nxb6 (8. c3 Ne7 9. Nxb6 axb6 10. Bxd7+ Qxd7 11. Bg5 Qe6 12. a3 h6 13. Bxf6 Qxf6 14. d4 {½-½ (22) Palac,M (2548)-Bacrot,E (2677) Zagreb 2018}) 8... axb6 {The position is equal.} 9. Bg5 h6 10. Bh4 g5 11. Bg3 Bg4 $146 ({Predecessor:} 11... h5 12. h4 g4 13. Ng5 Nh7 14. f4 {1-0 (54) Bellini,F (2506)-Altini,N (2332) Civitanova Marche 2012}) 12. d4 {[#] Black must now prevent d5.} O-O {And now ...Bxf3 would win.} 13. dxe5 Nxe4 14. exd6 cxd6 15. Qd5 Bxf3 16. gxf3 Nf6 17. Qxd6 Nd4 18. Bd3 Nxf3+ 19. Kg2 Nh4+ 20. Kh1 Qxd6 21. Bxd6 Rfe8 22. Bg3 Nf3 23. Kg2 Nd4 24. Rfe1 {Threatens to win with Be5.} Nh5 25. c3 Ne6 {Strongly threatening ...Nhf4+.} 26. Bc4 Nhf4+ 27. Kf1 Red8 28. Rad1 Kg7 29. Bb3 Kf6 30. f3 (30. a3 $14) 30... Rd3 31. Rxd3 Nxd3 32. Rb1 b5 33. a3 Rd8 34. Bc2 Ne5 35. Bxe5+ Kxe5 36. Rd1 (36. Re1+ $11 {remains equal.} Kf4 37. Kf2) 36... Rxd1+ $17 37. Bxd1 {[%mdl 4096] Endgame KB-KN} Kf4 ({Black should try} 37... Nc5 $15) 38. Ke2 Nc5 39. b4 {[#]} ({White should play} 39. Bc2 $15) 39... Nd7 $2 (39... Na4 $1 $19 {[%cal Ra4c3]} 40. Kd2 Nb2) 40. Bb3 Ne5 41. Bd5 b6 42. Kf2 $2 {[%mdl 8192]} (42. Bb7 $1 $15) 42... f5 {Accuracy: White = 41%, Black = 60%.} 0-1

[Event "FRA-chTW Top 12 2019"]
[Site "Vandoeuvre"]
[Date "2019.05.02"]
[Round "1.9"]
[White "Le Du, Anaelle"]
[Black "Bulmaga, Irina"]
[Result "0-1"]
[WhiteElo "1728"]
[BlackElo "2429"]
[Annotator "TA"]
[PlyCount "42"]
[EventDate "2019.05.02"]
[EventType "team-tourn"]
[EventCountry "FRA"]
[SourceTitle "playchess.com"]
[Source "ChessBase"]
[SourceQuality "1"]

{[%evp 16,78,26,-2,2,-23,-5,-22,-20,-33,-19,-68,-62,-73,-80,-67,-54,-233,-205,-202,-91,-97,-104,-114,-110,-122,-127,-124,-85,-102,-81,-152,-113,-135,-132,-150,-141,-177,-171,-543,-536,-467,-328,-470,-434,-993,-993,-977,-926,-1053,-1046,-1216,-1019,-1004,-994,-1223,-1208,-1435,-1373,-1303,-1105,-1487,-1544,-1246,-1178]} 1. c4 e5 2. g3 Nf6 3. Bg2 Nc6 4. Nc3 Bc5 5. Nf3 d6 6. d3 h6 7. O-O O-O 8. a3 a5 9. Rb1 Bf5 {A29: English Opening: Four Knights Variation with 4 g3} (9... Be6 10. Bd2 Qd7 11. e3 Bf5 12. Qe2 e4 13. dxe4 Nxe4 14. Rbd1 Rae8 15. Nxe4 Bxe4 16. Bc3 Qf5 17. Rd2 {½-½ (58) Dzagnidze,N (2570)-Gunina,V (2522) Beijing 2014}) 10. Bd2 Re8 11. Qe1 $146 ({Predecessor:} 11. Nh4 Bg4 12. h3 Be6 13. Kh2 e4 14. Nxe4 Nxe4 15. Bxe4 {½-½ (52) Kutlu,T (1610)-Altinok,M Manavgat 2015}) 11... e4 {The position is equal.} 12. dxe4 $1 Nxe4 13. Nxe4 Bxe4 14. Rc1 {[#]} Bd3 $1 {[%mdl 512]} 15. Be3 (15. exd3 Rxe1) 15... Rxe3 16. Qd2 $2 (16. fxe3 $15 Bxe3+ {[%mdl 64] Double Attack} 17. Kh1 Bxc1 18. exd3 Bxb2 19. Qb1 Bxa3 20. Qxb7) 16... Rxe2 17. Qxd3 Re8 (17... Rxb2 $19 {And now ...Qf6 would win.} 18. Rb1 Qf6) 18. Rb1 Qf6 19. Qb3 Bb6 20. Qc2 a4 21. Rbe1 g6 {Played: Bb6-c5} 0-1

[Event "FRA-chTW Top 12 2019"]
[Site "Vandoeuvre"]
[Date "2019.05.02"]
[Round "1.10"]
[White "L'Ami, Alina"]
[Black "Gospodaru, Teodora"]
[Result "*"]
[WhiteElo "2286"]
[BlackElo "1434"]
[Annotator "NA"]
[PlyCount "39"]
[EventDate "2019.05.02"]
[EventType "team-tourn"]
[EventCountry "FRA"]
[SourceTitle "playchess.com"]
[Source "ChessBase"]
[SourceQuality "1"]
[TimeControl "40/5400+30:1800+30"]

1. d4 {[%emt 0:00:00]} Nf6 {[%emt 0:00:00]} 2. c4 {[%emt 0:00:00]} d6 {[%emt 0:00:00]} 3. Nc3 {[%emt 0:00:55]} e5 {[%emt 0:00:32]} 4. dxe5 {[%emt 0:00:44]} dxe5 {[%emt 0:00:08]} 5. Qxd8+ {[%emt 0:00:29]} Kxd8 {[%emt 0:00:09]} 6. Bg5 {[%emt 0:00:20]} Be6 {[%emt 0:00:09]} 7. O-O-O+ {[%emt 0:11:50]} Kc8 {[%emt 0:00:12]} 8. Nf3 {[%emt 0:08:27]} Bc5 {[%emt 0:01:03]} 9. e3 {[%emt 0:01:48]} Nbd7 {[%emt 0:01:02]} 10. Bh4 {[%emt 0:10:38]} Bb4 {[%emt 0:08:11]} 11. Ng5 {[%emt 0:19:53]} Bxc3 {[%emt 0:06:49]} 12. bxc3 {[%emt 0:03:20]} Bg4 {[%emt 0:01:33]} 13. f3 {[%emt 0:04:56]} Bh5 {[%emt 0:00:11]} 14. Bd3 {[%emt 0:03:10]} c6 {[%emt 0:24:13]} 15. Ne4 {[%emt 0:07:02]} Nxe4 {[%emt 0:01:11]} 16. Bxe4 {[%emt 0:00:05]} Bg6 {[%emt 0:03:18]} 17. Bxg6 {[%emt 0:03:59]} hxg6 {[%emt 0:01:43]} 18. Bg3 {[%emt 0:00:04]} Kc7 {[%emt 0:48:36]} 19. Rd2 {[%emt 0:02:28]} Rae8 {[%emt 0:01:36]} 20. Rhd1 {[%emt 0:03:19]} *

[Event "FRA-chTW Top 12 2019"]
[Site "Vandoeuvre"]
[Date "2019.05.02"]
[Round "1.10"]
[White "Bensdorp-De Labaca, Marlies"]
[Black "Le Du, Maelle"]
[Result "1-0"]
[WhiteElo "2229"]
[BlackElo "1673"]
[Annotator "NA"]
[PlyCount "143"]
[EventDate "2019.05.02"]
[EventType "team-tourn"]
[EventCountry "FRA"]
[SourceTitle "playchess.com"]
[Source "ChessBase"]
[SourceQuality "1"]
[TimeControl "40/5400+30:1800+30"]

1. d4 {[%emt 0:00:00]} d5 {[%emt 0:00:00]} 2. c4 {[%emt 0:00:00]} e6 {[%emt 0:00:00]} 3. Nc3 {[%emt 0:00:00]} Nf6 {[%emt 0:00:00]} 4. Bg5 {[%emt 0:00:00]} Be7 {[%emt 0:00:42]} 5. e3 {[%emt 0:00:00]} O-O {[%emt 0:00:57]} 6. Qc2 {[%emt 0:00:00]} h6 {[%emt 0:05:20]} 7. Bh4 {[%emt 0:00:44]} b6 {[%emt 0:00:52]} 8. Nf3 {[%emt 0:00:51]} Bb7 {[%emt 0:01:56]} 9. Bd3 {[%emt 0:01:31]} Nbd7 {[%emt 0:03:59]} 10. cxd5 {[%emt 0:02:20]} exd5 {[%emt 0:05:33]} 11. O-O {[%emt 0:00:44]} c5 {[%emt 0:07:20]} 12. Rac1 {[%emt 0:03:00]} cxd4 {[%emt 0:18:00]} 13. Nxd4 {[%emt 0:02:34]} Ne5 {[%emt 0:05:10]} 14. Be2 {[%emt 0:00:54]} Ne4 {[%emt 0:10:41]} 15. Bxe7 {[%emt 0:02:48]} Qxe7 {[%emt 0:00:20]} 16. Nxe4 {[%emt 0:06:03]} dxe4 {[%emt 0:01:07]} 17. Qc7 {[%emt 0:00:55]} Qxc7 {[%emt 0:03:22]} 18. Rxc7 {[%emt 0:00:06]} Bd5 {[%emt 0:00:45]} 19. Rfc1 {[%emt 0:07:07]} Nd3 {[%emt 0:05:11]} 20. Bxd3 {[%emt 0:11:09]} exd3 {[%emt 0:02:55]} 21. R7c3 {[%emt 0:10:22]} Be4 {[%emt 0:11:45]} 22. f3 {[%emt 0:00:50]} Bg6 {[%emt 0:00:26]} 23. e4 {[%emt 0:01:35]} Rad8 {[%emt 0:03:43]} 24. Nc6 {[%emt 0:15:22]} Rd7 {[%emt 0:04:33]} 25. Rd1 {[%emt 0:02:14]} Kh7 {[%emt 0:03:48]} 26. Rdxd3 {[%emt 0:01:24]} Rxd3 {[%emt 0:00:31]} 27. Rxd3 {[%emt 0:00:05]} Rc8 {[%emt 0:00:11]} 28. Rc3 {[%emt 0:00:25]} Rc7 {[%emt 0:00:30]} 29. Kf2 {[%emt 0:00:29]} f6 {[%emt 0:00:22]} 30. Ke3 {[%emt 0:00:44]} Rd7 {[%emt 0:00:15]} 31. b4 {[%emt 0:03:11]} Rd1 {[%emt 0:01:48]} 32. Nxa7 {[%emt 0:01:48]} Rg1 {[%emt 0:00:19]} 33. Rc2 {[%emt 0:00:23]} Rb1 {[%emt 0:00:05]} 34. a3 {[%emt 0:08:12]} Rb3+ {[%emt 0:00:07]} 35. Kd4 {[%emt 0:00:05]} Rxa3 {[%emt 0:00:13]} 36. Nc8 {[%emt 0:03:30]} Rb3 {[%emt 0:00:22]} 37. Kc4 {[%emt 0:00:26]} Bf7+ {[%emt 0:00:31]} 38. Kb5 {[%emt 0:00:10]} Be8+ {[%emt 0:00:28]} 39. Kxb6 {[%emt 0:00:17]} Rxb4+ {[%emt 0:00:08]} 40. Kc5 {[%emt 0:01:05]} Rb1 {[%emt 0:01:13]} 41. Nd6 {[%emt 0:30:23]} Bd7 {[%emt 0:30:51]} 42. f4 {[%emt 0:01:08]} Re1 {[%emt 0:01:00]} 43. Rd2 {[%emt 0:01:04]} Ba4 {[%emt 0:01:15]} 44. Kd4 {[%emt 0:00:29]} Rf1 {[%emt 0:01:00]} 45. g3 {[%emt 0:00:13]} Bc6 {[%emt 0:00:23]} 46. e5 {[%emt 0:01:50]} fxe5+ {[%emt 0:00:41]} 47. fxe5 {[%emt 0:00:11]} Re1 {[%emt 0:00:20]} 48. Rc2 {[%emt 0:00:27]} Ba4 {[%emt 0:00:30]} 49. Rb2 {[%emt 0:01:19]} Rd1+ {[%emt 0:00:40]} 50. Ke3 {[%emt 0:00:47]} Kg6 {[%emt 0:00:33]} 51. Rb4 {[%emt 0:00:33]} Bd7 {[%emt 0:00:21]} 52. Rb7 {[%emt 0:00:05]} Bc6 {[%emt 0:00:21]} 53. Rc7 {[%emt 0:00:39]} Bd5 {[%emt 0:00:09]} 54. Ne8 {[%emt 0:02:30]} Bf7 {[%emt 0:00:36]} 55. Rc6+ {[%emt 0:00:15]} Kh7 {[%emt 0:00:49]} 56. Nc7 {[%emt 0:00:48]} Re1+ {[%emt 0:00:23]} 57. Kd4 {[%emt 0:00:34]} Rd1+ {[%emt 0:00:32]} 58. Kc5 {[%emt 0:00:26]} Rc1+ {[%emt 0:01:02]} 59. Kd6 {[%emt 0:00:05]} Rxc6+ {[%emt 0:00:05]} 60. Kxc6 {[%emt 0:00:04]} Kg8 {[%emt 0:00:41]} 61. e6 {[%emt 0:00:07]} Bg6 {[%emt 0:00:11]} 62. e7 {[%emt 0:00:11]} Be4+ {[%emt 0:01:31]} 63. Kd6 {[%emt 0:00:22]} Bg6 {[%emt 0:00:09]} 64. Ke5 {[%emt 0:00:21]} Bh5 {[%emt 0:00:20]} 65. e8=Q+ {[%emt 0:00:55]} Bxe8 {[%emt 0:00:08]} 66. Nxe8 {[%emt 0:00:04]} Kf7 {[%emt 0:00:03]} 67. Nd6+ {[%emt 0:00:08]} Kg6 {[%emt 0:00:07]} 68. Ne4 {[%emt 0:00:16]} Kh5 {[%emt 0:00:15]} 69. Kf5 {[%emt 0:00:34]} g6+ {[%emt 0:00:16]} 70. Kf4 {[%emt 0:00:02]} g5+ {[%emt 0:00:07]} 71. Kf5 {[%emt 0:00:07]} g4 {[%emt 0:00:09]} 72. Nf6# {[%emt 0:15:40]} 1-0